| 000 | 02565nam0a2200421 4500 | ||
|---|---|---|---|
| 001 | RU\NLR\bibl\1481048 | ||
| 005 | 20260407072356.0 | ||
| 010 |
_a978-5-09-023461-0 _920000 |
||
| 021 |
_aRU _b2009-107151 _96837 |
||
| 035 | _a(NLR Aleph) 001472694 | ||
| 090 |
_a1653668 _c1653668 |
||
| 100 | _a20100305d2010 |||y0rusy50 ca | ||
| 101 | 0 |
_arus _aeng |
|
| 102 | _aRU | ||
| 105 | _aa ||||||||| | ||
| 200 | 1 |
_aАнглийский язык _dEnglish _e2 класс _eучебник для общеобразовательных учреждений _f[В.П. Кузовлев, Э.Ш. Перегудова. С.А. Пастухова, О.В. Стрельникова _gнауч. рук. проф.: Е.И. Пассов] _gРос. акад. наук [и др.] _zeng |
|
| 205 | _a6-е изд. | ||
| 210 |
_aМосква _cПросвещение _d2010 |
||
| 215 |
_a208, [1] с. _cцв. ил. _d26 |
||
| 225 | 1 |
_aАкадемический школьный учебник _fнауч. ред.: акад.-секретарь РАО, д.п.н. А.А. Кузнецов [и др.] |
|
| 225 | 1 |
_aПроект "Российская академия наук, Российская академия образования, издательство "Просвещение" - российской школе" _fрук.: акад. В.В. Козлов [и др.] |
|
| 300 | _aЗагл. обл.: English : student's book | ||
| 300 | _aВ надзаг. также: Рос. акад. образования, Изд-во "Просвещение" | ||
| 300 | _aАвт. указаны на обороте тит.л. | ||
| 510 | 1 |
_aEnglish _zeng |
|
| 606 | 1 |
_aАнглийский язык _jУчебники для начальной школы _9972309 _3RU\NLR\auth\6646032 |
|
| 686 | _aШ143.21-93рус21[2] | ||
| 701 | 1 |
_4070 _8rus _7ca _aКузовлев _bВ. П. _cканд. пед. наук _gВладимир Петрович _3RU\NLR\auth\775649 _9115611 |
|
| 701 | 1 |
_aПерегудова _bЭ. Ш. _gЭльвира Шакировна _4070 |
|
| 701 | 1 |
_aПастухова _bС. А. _gСветлана Анатольевна _4070 |
|
| 701 | 1 |
_4070 _8rus _7ca _aСтрельникова _bО. В. _gОльга Викторовна _3RU\NLR\auth\778117 _9118035 |
|
| 702 | 1 |
_4070 _aПассов _bЕ. И. _f1930- _gЕфим Израилевич _9139049 _3RU\NLR\AUTH\770139084 |
|
| 712 | 0 | 2 |
_4570 _aРоссийская академия наук _3RU\NLR\AUTH\881057 _9272489 |
| 801 | 0 |
_aRU _bNLR _c20100305 _gRCR |
|
| 801 | 1 |
_aRU _bNLR _c20100305 |
|
| 942 | _cBOOK | ||
| 980 | _aNB | ||